01429nam a22003617a 4500003000500000005001700005008004100022010001000063011001000073035001000083040000900093090001000102100003800112245012700150260004000277300001900317502007600336590003700412590004100449590004100490590004100531590004200572650003000614650002800644650003100672901000700703942000900710949003600719949004100755999001700796952012600813952012800939CHAP20220329140140.0971013s1957 r 00010 d a47697 a48669 a52815 cCHAP aTesis00aPérez Rincón, Rubén.989968 aTrabajos de invernadero y de campo con razas fisioloógicas individuales de Puccinia graminis Var. Tritici (Eriks y Henn) aChapingo, Méx. :bEl autor,c1957 a91 h.b: ilus. aTesis (Ing. Agr. Esp. en Fitotecnia) -- ENA. Departamento de Fitotecnia aALEPHb10c20130110lUCH01h1318 aBATCH-UPDb10c20130110lUCH01h1411 aBATCH-UPDb10c20130410lUCH01h0857 aBATCH-UPDb10c20130914lUCH01h1925 aCONVERSIONb10c20130109lUCH01h132614aPuccinia graminis.99282214aRoya del trigo.910039014aTrigoxVariedades.9115119 aBK cFOLL bBCcTESd-117412eTS1i52815si bBCcTESd-117413eTS2fc.2i52815si c47697d47697 00102local4053708TESISaBCbBCcPA_TESISd2012-12-17fTESISl0p-117413r2019-12-31 00:00:00tc.2w2019-12-31yTESIS 00102local4051708TESISaBCbBCcPA_TESISd2012-12-17fTESISl0oTesisp-117412r2019-12-31 00:00:00w2019-12-31yTESIS